000 00409nam a22001697a 4500
003 MACL
005 20151226130434.0
008 151226b xxu||||| |||| 00| 0 eng d
040 _cMACL
041 _aEnglish
082 _a300/DE
100 _aDe Tapti
_922805
245 _aKazi Abdul Wadud (1894-1970)
260 _aKolkata
_bMinati Printers
_c2009
650 _aSocial Science
_922806
942 _2ddc
_cBK
999 _c51903
_d51903